000 00254nam a2200097Ia 4500
001 653864
005 20250826154506.0
008 250824s9999 xx 000 0 und d
245 0 _aUMUT SOKAĞI ÇOCUKLARI
_cGÜLSEVİN KIRAL
260 _bGÜNIŞIĞI YAYINLARI
999 _c653864
_d653864